[Event "AUTO-ADV-2142"]
[Site "http://www.queenalice.com/game.php?id=931907"]
[Date "2011.4.29"]
[Round "1"]
[White "marcos94"]
[Black "RafaelOliveira"]
[Result "0-1"]
[WhiteElo "1826"]
[BlackElo "1715"]

1. e4 e5 2. Nf3 Nc6 3. Bb5 a6 4. Ba4 Nf6 5. O-O Be7 6. Re1 b5 7. Bb3 a5 8. a4 b4
9. c3 O-O 10. d4 exd4 11. e5 Ne8 12. cxd4 d6 13. Bd5 Bb7 0-1

[Event "AUTO-ADV-2142"]
[Site "http://www.queenalice.com/game.php?id=931908"]
[Date "2011.4.29"]
[Round "1"]
[White "RafaelOliveira"]
[Black "marcos94"]
[Result "1-0"]
[WhiteElo "1693"]
[BlackElo "1848"]

1. e4 c5 2. Nf3 d6 3. d4 cxd4 4. Nxd4 Nf6 5. Nc3 a6 6. f4 e5 7. fxe5 dxe5 8. Nb3
Qxd1+ 9. Kxd1 Be6 10. h3 Bb4 11. Bd2 Bxc3 12. Bxc3 Nxe4 13. Be1 1-0

[Event "Challenge"]
[Site "http://www.queenalice.com/game.php?id=1117130"]
[Date "2012.10.29"]
[Round "-"]
[White "rodolfobohmer"]
[Black "marcos94"]
[Result "1-0"]
[WhiteElo "1742"]
[BlackElo "1799"]

1. e4 c5 2. Bc4 e6 3. Qf3 Nc6 4. c3 Ne5 5. Qe2 Nxc4 6. Qxc4 a6 7. Nf3 b5 8. Qe2
d6 9. O-O Bb7 10. d3 Nf6 11. h3 Be7 12. Be3 O-O 13. Nbd2 Qd7 14. e5 dxe5 15.
Nxe5 Qd5 16. Ndf3 1-0

[Event "Challenge"]
[Site "http://www.queenalice.com/game.php?id=1117131"]
[Date "2012.10.29"]
[Round "-"]
[White "apap127"]
[Black "marcos94"]
[Result "0-1"]
[WhiteElo "1714"]
[BlackElo "1797"]

1. e4 c5 2. Nf3 d6 3. h3 Nf6 4. Nc3 Nc6 5. Bc4 e6 6. O-O Be7 7. Re1 a6 8. d3 b5
9. Bb3 Nd4 10. Nxd4 cxd4 11. Ne2 e5 12. Bd2 O-O 13. a3 Be6 14. Bxe6 fxe6 15. Ng3
Qe8 16. Qf3 Qg6 17. Bb4 a5 18. Bd2 Nd5 19. Qd1 Nf4 20. Qg4 Qxg4 21. hxg4 Bh4 22.
Kh2 Rf6 23. Rf1 Raf8 24. f3 Rh6 25. Bxa5 Bd8+ 26. Kg1 Bxa5 27. b4 Bd8 28. a4
bxa4 29. Rxa4 Bh4 30. Nh1 Ne2+ 31. Kh2 Bg3# 0-1

[Event "Challenge"]
[Site "http://www.queenalice.com/game.php?id=1117132"]
[Date "2012.10.29"]
[Round "-"]
[White "ramonigerpawn"]
[Black "marcos94"]
[Result "1-0"]
[WhiteElo "1811"]
[BlackElo "1781"]

1. d4 Nf6 2. c4 g6 3. Nc3 Bg7 4. e4 d6 5. Bg5 h6 6. Bf4 Nbd7 7. e5 Nh5 8. Be3
dxe5 9. dxe5 Nxe5 10. Be2 Qxd1+ 11. Rxd1 Nf6 12. Nb5 1-0

[Event "Challenge"]
[Site "http://www.queenalice.com/game.php?id=1117140"]
[Date "2012.10.29"]
[Round "-"]
[White "mikena_zaitsev"]
[Black "marcos94"]
[Result "1-0"]
[WhiteElo "1722"]
[BlackElo "1830"]

1. e4 c5 2. Nf3 d6 3. d4 cxd4 4. Nxd4 Nf6 5. Nc3 a6 6. Bc4 e6 7. Bb3 b5 8. f3
Be7 9. O-O O-O 10. Be3 Bd7 11. Qd2 Nc6 12. a4 b4 13. Na2 a5 14. c3 bxc3 15. Nxc3
1-0

[Event "AUTO-ADV-2664"]
[Site "http://www.queenalice.com/game.php?id=1117231"]
[Date "2012.10.30"]
[Round "1"]
[White "Diogolopes"]
[Black "marcos94"]
[Result "0-1"]
[WhiteElo "1532"]
[BlackElo "1837"]

1. Nc3 c5 2. f4 d5 3. d4 cxd4 4. Qxd4 Nf6 5. f5 Bxf5 6. Kd1 Nc6 7. Qc5 e5 8. Qf2
Qd7 9. h3 d4 10. Nb1 Nb4 11. e4 dxe3+ 12. Bd3 exf2 13. Nf3 Nxd3 14. Rf1 Bc5 15.
g4 Nxb2+ 16. Ke2 Bd3+ 17. cxd3 Qxd3# 0-1

[Event "AUTO-ADV-2664"]
[Site "http://www.queenalice.com/game.php?id=1117232"]
[Date "2012.10.30"]
[Round "1"]
[White "marcos94"]
[Black "Diogolopes"]
[Result "0-1"]
[WhiteElo "1759"]
[BlackElo "1526"]

1. e4 Nc6 2. Nf3 e5 3. Bb5 d5 4. Nxe5 Ne7 5. Qf3 f6 6. exd5 Qxd5 7. Qxd5 Nxd5 8.
Nxc6 a6 9. Nb4+ axb5 10. Nxd5 c6 11. Nc7+ Kf7 12. Nxa8 Bd6 13. O-O Bf5 14. Nb6
Bxc2 15. a4 Bxa4 16. Nxa4 bxa4 17. Rxa4 h5 18. Ra7 Rb8 19. b3 h4 20. Ba3 c5 21.
Nc3 Bf4 22. Bxc5 Bxd2 0-1

[Event "AUTO-ADV-2664"]
[Site "http://www.queenalice.com/game.php?id=1117243"]
[Date "2012.10.30"]
[Round "1"]
[White "avian"]
[Black "marcos94"]
[Result "0-1"]
[WhiteElo "1782"]
[BlackElo "1781"]

1. d4 Nf6 2. c4 g6 3. Nc3 Bg7 4. Nf3 O-O 5. e4 d6 6. Bd3 Bg4 7. Be3 Nc6 8. a3 e5
9. d5 Nd4 10. Be2 Nxe2 11. Qxe2 Nd7 12. O-O f5 13. h3 Bxf3 14. Qxf3 f4 15. Bd2
h5 16. b4 Qh4 17. Nb5 g5 18. Nxc7 g4 19. Qd3 f3 20. gxf3 Qxh3 21. Rfc1 g3 22.
fxg3 Qxg3+ 23. Kf1 Rxf3+ 24. Qxf3 Qxf3+ 25. Ke1 Rf8 0-1

[Event "AUTO-ADV-2664"]
[Site "http://www.queenalice.com/game.php?id=1117244"]
[Date "2012.10.30"]
[Round "1"]
[White "marcos94"]
[Black "avian"]
[Result "1-0"]
[WhiteElo "1823"]
[BlackElo "1770"]

1. e4 e6 2. d4 d5 3. Nc3 Bb4 4. e5 c5 5. a3 Bxc3+ 6. bxc3 c4 7. Qg4 g6 8. Nf3 h5
9. Qf4 Ne7 10. Qf6 Rg8 11. Ng5 Rf8 12. Nh7 Kd7 13. Nxf8+ Qxf8 14. Bg5 Nbc6 15.
Qf4 Nf5 16. h3 b6 17. g4 Nfe7 18. Be2 Bb7 19. gxh5 gxh5 20. Bxh5 Nd8 21. Ke2 Nf5
22. h4 Qg7 23. Bg4 Qh7 24. Bxd8 Rxd8 25. Bxf5 Qxf5 26. Qxf5 exf5 27. Rag1 Bc8
28. Rg7 Ke7 29. h5 Rh8 30. h6 Kf8 31. Rhg1 Ke7 32. Rg8 Rxg8 33. Rxg8 1-0

[Event "AUTO-ADV-2664"]
[Site "http://www.queenalice.com/game.php?id=1117249"]
[Date "2012.10.30"]
[Round "1"]
[White "clovis"]
[Black "marcos94"]
[Result "0-1"]
[WhiteElo "1990"]
[BlackElo "1756"]

1. e4 c5 2. Nf3 d6 3. d4 cxd4 4. Qxd4 a6 5. Bc4 Nc6 6. Qd3 Na5 7. Bxf7+ Kxf7 8.
Qd5+ Ke8 9. Ng5 e6 10. Nxe6 Nf6 11. Nxd8 Nxd5 12. exd5 Kxd8 13. O-O Be7 14. Be3
Nc4 15. b3 Nxe3 16. fxe3 Bf6 17. c3 Re8 18. Rf3 Bg4 19. Rg3 h5 20. Nd2 Be5 0-1

[Event "AUTO-ADV-2664"]
[Site "http://www.queenalice.com/game.php?id=1117250"]
[Date "2012.10.30"]
[Round "1"]
[White "marcos94"]
[Black "clovis"]
[Result "1-0"]
[WhiteElo "1731"]
[BlackElo "1965"]

1. e4 e5 2. Nf3 Nc6 3. Bb5 f5 4. Nc3 fxe4 5. Nxe4 d5 6. Nxe5 dxe4 7. Nxc6 Qd5 8.
c4 Qd6 9. Nxa7+ c6 10. Nxc8 Rxc8 11. Ba4 Nf6 12. O-O Qd4 13. d3 exd3 14. Be3
Qxc4 15. Bb3 Qe4 16. Re1 Bd6 17. Bd4 1-0

[Event "AUTO-OPEN-2830"]
[Site "http://www.queenalice.com/game.php?id=1117279"]
[Date "2012.10.30"]
[Round "1"]
[White "marcos94"]
[Black "TITAN10"]
[Result "1/2-1/2"]
[WhiteElo "1812"]
[BlackElo "2091"]

1. e4 c5 2. Nf3 d6 3. d4 cxd4 4. Nxd4 Nc6 5. Nc3 Nf6 6. Bc4 e5 7. Nf3 Bg4 8. Be3
Be7 9. Qd3 h6 10. h3 Bh5 11. g4 Bg6 12. a3 a6 13. Nd2 b5 14. Bb3 Nd7 15. Bd5 Qc7
16. Nb3 Rc8 17. Bxc6 Qxc6 18. Rc1 Nf6 19. f3 O-O 20. O-O d5 21. Nxd5 Nxd5 22.
Qxd5 Rfd8 23. Qxc6 Rxc6 24. c3 Rd3 25. Kf2 Rc8 26. Rfd1 Rcd8 27. Ke2 Rxd1
1/2-1/2

[Event "AUTO-OPEN-2830"]
[Site "http://www.queenalice.com/game.php?id=1117280"]
[Date "2012.10.30"]
[Round "1"]
[White "TITAN10"]
[Black "marcos94"]
[Result "1-0"]
[WhiteElo "1957"]
[BlackElo "1841"]

1. e4 c5 2. Nf3 d6 3. d4 cxd4 4. Nxd4 Nf6 5. h3 Nxe4 6. Bd3 Nc5 7. O-O g6 8. c3
Nxd3 9. Qxd3 Bg7 10. Be3 O-O 11. Re1 Nc6 12. Na3 Nxd4 13. Bxd4 e5 14. Be3 d5 15.
Rad1 Be6 16. Qc2 Qh4 17. Qe2 a6 18. Qf3 Rac8 19. Qg3 Qxg3 20. fxg3 f5 21. Bf2
Rc6 22. Re2 b5 23. Rde1 Rfc8 24. Nc2 a5 25. Rxe5 Bxe5 26. Rxe5 Kf7 27. Nd4 Kf6
28. Nxc6 Rxc6 29. Bd4 Kf7 30. Kf2 g5 31. a3 1-0

[Event "AUTO-OPEN-2830"]
[Site "http://www.queenalice.com/game.php?id=1117281"]
[Date "2012.10.30"]
[Round "1"]
[White "marcos94"]
[Black "Jorac"]
[Result "0-1"]
[WhiteElo "1803"]
[BlackElo "2156"]

1. e4 c5 2. Nf3 d6 3. d4 cxd4 4. Nxd4 Nf6 5. Nc3 a6 6. Bc4 e6 7. Be3 Bd7 8. Qe2
Be7 9. O-O-O O-O 10. Bb3 Nc6 11. f3 Nxd4 12. Bxd4 Rc8 13. g4 Qa5 14. h4 e5 15.
Be3 b5 16. g5 Nh5 17. Nd5 Qd8 18. Bb6 Qe8 19. Qe3 Be6 20. Nc7 Qd7 21. Nd5 Bxd5
22. Bxd5 Nf4 0-1

[Event "AUTO-OPEN-2830"]
[Site "http://www.queenalice.com/game.php?id=1117282"]
[Date "2012.10.30"]
[Round "1"]
[White "Jorac"]
[Black "marcos94"]
[Result "1-0"]
[WhiteElo "2157"]
[BlackElo "1801"]

1. e4 c5 2. Nf3 d6 3. Bc4 Nf6 4. Nc3 Nc6 5. a3 e6 6. d3 Be7 7. O-O O-O 8. Re1 a6
9. e5 Nxe5 10. Nxe5 dxe5 11. Qf3 Qd4 12. Ne4 Nxe4 13. Rxe4 Qd6 14. Rg4 f5 15.
Rg3 Rb8 16. Bh6 Rf7 17. Qh5 b5 18. Bb3 Bf6 19. Rd1 Bd7 20. Qe2 1-0

[Event "AUTO-OPEN-2830"]
[Site "http://www.queenalice.com/game.php?id=1117283"]
[Date "2012.10.30"]
[Round "1"]
[White "marcos94"]
[Black "kakocarvalho"]
[Result "1-0"]
[WhiteElo "1810"]
[BlackElo "1293"]

1. e4 c5 2. Nf3 Nc6 3. d4 cxd4 4. Nxd4 d6 5. Nc3 Nf6 6. Bc4 g6 7. Nxc6 bxc6 8.
e5 d5 9. exf6 dxc4 10. Bg5 Qxd1+ 11. Rxd1 e6 12. Ne4 Ba6 13. Nd6+ Bxd6 14. Rxd6
Bb5 15. c3 O-O 16. O-O Rad8 17. Rfd1 Rc8 18. Rd7 a5 19. Be3 Ba4 20. R1d2 h5 21.
Bc5 Rfe8 22. Be7 Kh7 23. h4 c5 24. Ra7 Bc6 25. Rxa5 Bd5 26. Bxc5 Be4 27. Rd7 Bd5
28. Rxf7+ Kg8 29. Raa7 e5 30. Rg7+ Kh8 31. Rh7+ 1-0

[Event "AUTO-OPEN-2830"]
[Site "http://www.queenalice.com/game.php?id=1117284"]
[Date "2012.10.30"]
[Round "1"]
[White "kakocarvalho"]
[Black "marcos94"]
[Result "1-0"]
[WhiteElo "1564"]
[BlackElo "1830"]

1. d4 Nf6 2. c4 g6 3. Nc3 Bg7 4. Nf3 O-O 5. e3 d5 6. Be2 dxc4 7. Bxc4 c6 8. O-O
Nbd7 9. Re1 Nb6 10. Bb3 Bg4 11. Qe2 Nfd7 12. Bd1 e5 13. Qc2 Bxf3 14. Bxf3 Qh4
15. dxe5 Nxe5 16. Be4 f5 17. g3 Qh5 18. Bg2 Nf3+ 19. Bxf3 Qxf3 20. Bd2 Rad8 21.
Rad1 Rd7 22. e4 Nc4 23. Qb3 b5 24. Qc2 1-0

[Event "Let's Play Chess!"]
[Site "http://www.queenalice.com/game.php?id=1133766"]
[Date "2012.12.23"]
[Round "-"]
[White "igorjava"]
[Black "marcos94"]
[Result "1-0"]
[WhiteElo "1866"]
[BlackElo "1771"]

1. e4 c5 2. Nf3 d6 3. d4 cxd4 4. Nxd4 Nf6 5. Nc3 a6 6. a3 e5 7. Nb3 Be7 8. Be2
O-O 9. O-O Be6 10. Kh1 Nbd7 11. f4 exf4 12. Bxf4 Ne5 13. Nd4 1-0

[Event "Let's Play Chess!"]
[Site "http://www.queenalice.com/game.php?id=1133767"]
[Date "2012.12.23"]
[Round "-"]
[White "marcos94"]
[Black "igorjava"]
[Result "0-1"]
[WhiteElo "1781"]
[BlackElo "1919"]

1. e4 c5 2. Nf3 d6 3. d4 cxd4 4. Nxd4 Nf6 5. Nc3 a6 6. Bc4 b5 7. Bd3 Qc7 8. O-O
Nc6 9. Be3 e6 10. f4 e5 11. Nxc6 Qxc6 0-1